000 00945nam a2200313 i 4500
001 000021023
003 DO-SdBNP
005 20260210132928.0
007 ta
008 260210s1980 dr 001 0 spa d
040 _aDO-SdBNP
_bspa
_cBNPHU
_erda
041 _aspa
082 4 _aRD868.408
_bJ941p
_222
100 _aJaime Julia, Julio
_eautor
_988994
245 0 0 _aPanorama de la prosa en Moca /
_cJulio Jaime Julia.
264 _aSanto Domingo :
_bEditora Alfa y Omega,
_c1980
300 _avolumen ;
_c23 cm.
336 _ardacontent
_btexto
_2txt
337 _ardamedia
_bsin mediación
_2n
338 _ardacarrier
_bvolumen
_2nc
500 _aLa biblioteca posee el volumen 2
590 _aInventariado,2026/DG
650 4 _aProsa dominicana
_xColecciones
_913121
650 4 _aIntelectuales
_zMoca (República Dominicana)
_943987
650 0 _aLiteratura dominicana.
_967
700 _920185
910 _aDG
942 _2ddc
_cLBS1
999 _c60288
_d60288